Normal view
MARC view
- English language
Entry Topical Term
001 - CONTROL NUMBER
- control field: 11458
003 - CONTROL NUMBER IDENTIFIER
- control field: NUST
005 - DATE AND TIME OF LATEST TRANSACTION
- control field: 20180705111138.0
008 - FIXED-LENGTH DATA ELEMENTS
- fixed length control field: 180705|| aca||aabn | a|a d
040 ## - CATALOGING SOURCE
- Original cataloging agency: NUST
- Transcribing agency: NUST
150 ## - HEADING--TOPICAL TERM
- Topical term or geographic name entry element: English language
- General subdivision: Study and teaching
- General subdivision: Foreign speakers.
670 ## - SOURCE DATA FOUND
- Source citation: Work cat.: (NUST)0: Tickoo, Makhan L. (Makhan Lal) 11457, Teaching and learning English, 2009
